New roads in towns (Record no. 414599)

000 -LEADER
fixed length control field 00290cam a22001097a 4500
008 - FIXED-LENGTH DATA ELEMENTS--GENERAL INFORMATION
fixed length control field 180718b1972 xxu||||| |||| 00| 0 eng d
082 ## - DEWEY DECIMAL CLASSIFICATION NUMBER
Classification number X6x42 Un3 69
245 ## - TITLE STATEMENT
Title New roads in towns
Statement of responsibility, etc. by Her Majesty's
260 ## - PUBLICATION, DISTRIBUTION, ETC.
Place of publication, distribution, etc. London
Name of publisher, distributor, etc. Her Majesty's
Date of publication, distribution, etc. 1972
300 ## - PHYSICAL DESCRIPTION
Extent 44p
700 ## - ADDED ENTRY--PERSONAL NAME
Personal name U.K. Her Majesty's
Holdings
Withdrawn status Lost status Damaged status Not for loan Permanent Location Current Location Date acquired Full call number Barcode Date last seen Price effective from Koha item type
        Indian Institute of Public Administration Indian Institute of Public Administration 2009-02-25 X6x42 Un3 69 DA4299 2018-07-21 2018-07-21 DA

Powered by Koha